000 00834nam a2200253Ia 4500
003 OSt
005 20220918170437.0
006 a|||||r|||| 00| 0
007 ta
008 220917b |||||||| |||| 00| 0 eng d
020 _a9780230246102 (hbk)
_c4796
024 _a266,130
037 _b62/2012-13, 10/08/2012, Pioneer Book Distributors
_cTextual
040 _aARTS
_cARTS
_beng
041 _2eng
_aeng
082 _aW0bY, Q2
100 _ael Ojeli Chamsy
_929076
245 0 _aPolitics social theory utopia and the world system
_b Argument in political sociology
260 _aNew York
_bPalgrave Macmillan USA
_c2012
300 _aix,237p.
_ccm.
650 _aPOLITICAL SCIENCE
942 _hW0bY, Q2
_cTEXL
_2CC
999 _c134161
_d134161